| 000 | 00790nam a22002657a 4500 | ||
|---|---|---|---|
| 001 | 6984 | ||
| 003 | FISKH | ||
| 005 | 20250613151406.0 | ||
| 008 | 250613b cb ||||| |||| 00| 0 eng d | ||
| 020 | _a9788956354026 | ||
| 040 |
_aFISKH _beng _cFISKH _dFISKH |
||
| 050 | _aPZ7.C234937 A1 | ||
| 082 | _a823.8 | ||
| 100 | _aCarroll, Lewis | ||
| 245 |
_aAlice in wonderland / _cLewis Carroll |
||
| 260 |
_aSeoul : _bE-Future, _c2009. |
||
| 300 |
_a34 pages : _bcolor illustrations ; _c21 cm |
||
| 505 | _aL | ||
| 520 | _aA little girl falls down a rabbit hole and discovers a world of nonsensical and amusing characters. | ||
| 521 | 8 |
_a510
_bLexile estimate |
|
| 521 | 8 |
_aL
_bRaz-Plus |
|
| 650 |
_aAlice retold _vGenre-classics-retol |
||
| 942 |
_2ddc _cBK _n0 |
||
| 999 |
_c6984 _d6984 |
||